<?xml version="1.0" encoding="UTF-8"?>
<record
    xmlns:xsi="http://www.w3.org/2001/XMLSchema-instance"
    xsi:schemaLocation="http://www.loc.gov/MARC21/slim http://www.loc.gov/standards/marcxml/schema/MARC21slim.xsd"
    xmlns="http://www.loc.gov/MARC21/slim">

  <leader>00793cam a2200193   4500</leader>
  <controlfield tag="008">080814n        ve a          000 0 spa u</controlfield>
  <datafield tag="035" ind1=" " ind2=" ">
    <subfield code="a">a472060</subfield>
  </datafield>
  <datafield tag="100" ind1="1" ind2=" ">
    <subfield code="a">Garc&#xED;a Zambrano, &#xC1;ngel Juli&#xE1;n</subfield>
  </datafield>
  <datafield tag="245" ind1="0" ind2="3">
    <subfield code="a">El Baldaquino de la Catedral de Puebla /</subfield>
    <subfield code="c">&#xC1;ngel Juli&#xE1;n Garc&#xED;a Zambrano.</subfield>
  </datafield>
  <datafield tag="260" ind1=" " ind2=" ">
    <subfield code="a">Merida, Venezuela :</subfield>
    <subfield code="b">La Imprenta, </subfield>
    <subfield code="c">1984</subfield>
  </datafield>
  <datafield tag="300" ind1=" " ind2=" ">
    <subfield code="a">145 p. :</subfield>
    <subfield code="b">il. ;</subfield>
    <subfield code="c">23 cm.</subfield>
  </datafield>
  <datafield tag="590" ind1=" " ind2=" ">
    <subfield code="a">Donaci&#xF3;n: UNAM, Instituto de Investigaciones Est&#xE9;ticas</subfield>
  </datafield>
  <datafield tag="600" ind1="1" ind2=" ">
    <subfield code="a">Tols&#xE1;, Manuel, </subfield>
    <subfield code="d">1757-1816 </subfield>
    <subfield code="x">Cr&#xED;tica e interpretaci&#xF3;n</subfield>
  </datafield>
  <datafield tag="650" ind1=" " ind2="4">
    <subfield code="a">Baldaquinos (Arquitectura) </subfield>
    <subfield code="z">M&#xE9;xico </subfield>
    <subfield code="z">Puebla de Zaragoza</subfield>
  </datafield>
  <datafield tag="650" ind1=" " ind2="4">
    <subfield code="a">Escultura barroca </subfield>
    <subfield code="z">M&#xE9;xico </subfield>
    <subfield code="z">Puebla de Zaragoza</subfield>
  </datafield>
  <datafield tag="650" ind1=" " ind2="4">
    <subfield code="a">Puebla de Zaragoza </subfield>
    <subfield code="z">M&#xE9;xico </subfield>
    <subfield code="x">Edificios, estructuras, etc.</subfield>
  </datafield>
  <datafield tag="942" ind1=" " ind2=" ">
    <subfield code="2">lcc</subfield>
    <subfield code="c">LIB</subfield>
  </datafield>
  <datafield tag="999" ind1=" " ind2=" ">
    <subfield code="c">71539</subfield>
    <subfield code="d">71539</subfield>
  </datafield>
  <datafield tag="952" ind1=" " ind2=" ">
    <subfield code="1">0</subfield>
    <subfield code="2">lcc</subfield>
    <subfield code="4">0</subfield>
    <subfield code="7">0</subfield>
    <subfield code="a">INV-033</subfield>
    <subfield code="b">INV-033</subfield>
    <subfield code="c">GENERAL</subfield>
    <subfield code="d">2018-11-09</subfield>
    <subfield code="k">CSA</subfield>
    <subfield code="o">NA5257 .P6G37 1984</subfield>
    <subfield code="p">IIH000026789</subfield>
    <subfield code="r">2018-11-09 00:00:00</subfield>
    <subfield code="t">C:1</subfield>
    <subfield code="y">LIB</subfield>
  </datafield>
</record>
